000 00475nam a2200169Ia 4500
008 230917s9999||||xx |||||||||||||| ||und||
020 _cRS 695.00
040 _e5006821
_aMAIN
041 _aEnglish
082 _a647.94 K136H
100 _aKant, Jay Prakash
245 0 _aHotel housekeeping operations and management
260 _aNew Delhi
_bThe Hospitality Press
_c2021
300 _aiv, 556 p.
500 _a4501 25/01/2022 IF22/1070 27/01/2022 IHTM (SFS)
942 _cBK
999 _c5189
_d5189